| 000 | 00434nam a2200181Ia 4500 | ||
|---|---|---|---|
| 001 | 1192 | ||
| 005 | 20260306140614.0 | ||
| 008 | 260306t1985||||xx |||||||||||||| ||spa|| | ||
| 041 | _aESP | ||
| 082 |
_a189 _bC25 |
||
| 100 |
_aCanals, Vidal F. _eAUT |
||
| 245 | 0 |
_aTextos de los grandes filósofos: _bedad media |
|
| 260 | _c1985 | ||
| 300 |
_a263 páginas : _c21 cm. |
||
| 650 | _aGEN | ||
| 654 | _aCHU | ||
| 942 |
_cLIB _dJUS _fJUS _2ddc _n |
||
| 999 |
_c1192 _d1192 |
||